| 000 | 00530cam a22002291 4500 | ||
|---|---|---|---|
| 001 | sa 63001397 | ||
| 003 | DLC | ||
| 005 | 20260227111927.0 | ||
| 008 | 950207s1962 ii 000 1 tamo | ||
| 010 | _asa 63001397 | ||
| 025 | _aPL480:I-T-212 | ||
| 035 | _a(OCoLC)31950961 | ||
| 040 |
_aDLC _cCU _dCU _dDLC |
||
| 042 | _apremarc | ||
| 050 | 0 | 0 |
_aPL4758.9.C44 _bA95 |
| 100 | 0 | _aCentur̲aimuttu. | |
| 245 | 1 | 0 | _aĀṭum pāmpu. |
| 260 | _c[1962] | ||
| 300 |
_a164 p. _c19 cm. |
||
| 500 | _aIn Tamil. | ||
| 500 | _aA novel. | ||
| 999 |
_c53941 _d53941 |
||